Personnages célèbres - Série 52 - Statistiques

Statistiques générales
  • Ce quiz a été pris 160 fois
  • Le résultat moyen est 7 sur 15
Statistiques - réponses
Par images Hint Réponse % Correct
Audrey - actrice Tautou
91%
Justin - chanteur Timberlake
82%
Arnaud - humoriste Tsamere
76%
Karin - actrice Viard
69%
François - réalisateur Truffaut
62%
Charlotte - famille princière Casiraghi
43%
Donald - acteur Sutherland
43%
Sharon - actrice Tate
40%
Roger - réalisateur Vadim
40%
Philippe - acteur Torreton
35%
Charlotte - actrice Valandrey
33%
Marina - actrice Vlady
26%
Ugo - acteur Tognazzi
24%
David - acteur Suchet
21%
Pierre - acteur Vernier
10%
Aucun quiz correspondant
Distribution des résultats
% des personnes avec chaque résultat
Percentile par nombre de réponses
Votre historique - résultats
Vous n’avez pas pris ce quiz